Structural members and connections, (Record no. 546742)
[ view plain ]
| 000 -LEADER | |
|---|---|
| fixed length control field | 00650cam a22001811i 4500 |
| 082 ## - DEWEY DECIMAL CLASSIFICATION NUMBER | |
| Classification number | 624.177 |
| Author Mark | STR |
| -- | L-20, P-44. |
| 100 1# - MAIN ENTRY--PERSONAL NAME | |
| Personal name | Hool, George A., |
| 9 (RLIN) | 42398 |
| 245 10 - TITLE STATEMENT | |
| Title | Structural members and connections, |
| Statement of responsibility, etc. | compiled by a staff of specialists; editors-in-chief: George A. Hool ... and W.S. Kinne ... |
| 250 ## - EDITION STATEMENT | |
| Edition statement | 1st ed. |
| 260 ## - PUBLICATION, DISTRIBUTION, ETC. | |
| Place of publication, distribution, etc. | New York [etc.] |
| Name of publisher, distributor, etc. | McGraw-Hill Book Company, inc., |
| Date of publication, distribution, etc. | 1923. |
| 300 ## - PHYSICAL DESCRIPTION | |
| Extent | xviii, 611 p. |
| Other physical details | illus., diagrs. |
| Dimensions | 24 cm. |
| 526 ## - STUDY PROGRAM INFORMATION NOTE | |
| Program name | 0 |
| Interest level | 0 |
| Reading level | 0 |
| Title point value | 624_177000000000000_STR |
| 650 #0 - SUBJECT ADDED ENTRY--TOPICAL TERM | |
| Topical term or geographic name entry element | Building. |
| 650 #0 - SUBJECT ADDED ENTRY--TOPICAL TERM | |
| Topical term or geographic name entry element | MCE |
| 9 (RLIN) | 379 |
| 650 #0 - SUBJECT ADDED ENTRY--TOPICAL TERM | |
| Topical term or geographic name entry element | Structural analysis (Engineering) |
| 9 (RLIN) | 654 |
| 700 1# - ADDED ENTRY--PERSONAL NAME | |
| Personal name | Kinne, W. S. |
| 9 (RLIN) | 42400 |
| 942 ## - ADDED ENTRY ELEMENTS (KOHA) | |
| Source of classification or shelving scheme | |
| Koha item type | Book |
| Withdrawn status | Lost status | Source of classification or shelving scheme | Damaged status | Not for loan | Permanent Location | Current Location | Date acquired | Total Checkouts | Full call number | Barcode | Date last seen | Price effective from | Koha item type |
|---|---|---|---|---|---|---|---|---|---|---|---|---|---|
| Military College of Engineering (MCE) | Military College of Engineering (MCE) | 06/18/2014 | 624.177 STR | MCE-29999 | 06/18/2014 | 06/18/2014 | Book |
